[Event "Milan Crespi op-B 33rd"]
[Site "Milan"]
[Date "2012.12.06"]
[Round "2"]
[White "Picone, Franco"]
[Black "Rossi, Giampiero"]
[Result "0-1"]
[WhiteElo "1848"]
[BlackElo "1896"]
[PlyCount "128"]
[EventDate "2012.12.05"]
[EventType "swiss"]
[EventRounds "7"]
[EventCountry "ITA"]
[SourceTitle "EXT 2015"]
[Source "ChessBase"]
[SourceDate "2014.11.20"]
[SourceVersion "1"]
[SourceVersionDate "2014.11.20"]
[SourceQuality "1"]

1. d4 d5 2. Bf4 c6 3. e3 Bf5 4. c4 Bxb1 5. Qxb1 e6 6. c5 Nd7 7. Nf3 Ngf6 8. h3 Be7 9. Bd3 0-0 10. 0-0 Re8 11. b4 a6 12. a4 g6 13. Rc1 Nh5 14. Bh2 Bf6 15. e4 dxe4 16. Bxe4 Bg7 17. b5 axb5 18. axb5 Rxa1 19. Qxa1 Nhf6 20. bxc6 Nxc5 21. Rxc5 Nxe4 22. c7 Qd7 23. Rc4 b5 24. Rc1 Rc8 25. Qa6 b4 26. Ne5 Bxe5 27. Bxe5 Nc3 28. Qc4 Nd5 29. Qc6 Qxc6 30. Rxc6 b3 31. Rc5 b2 32. Rb5 Nxc7 33. Rxb2 Nd5 34. Rb8 Rxb8 35. Bxb8 f6 36. g3 Kf7 37. Kf1 Ke7 38. Ke2 Kd7 39. Ba7 Kc6 40. Kd3 Kb5 41. Bc5 f5 42. f3 Nb6 43. f4 Na4 44. Ba3 Kc6 45. Kc4 Nb6+ 46. Kd3 Kd5 47. h4 Nd7 48. Be7 Nb8 49. Bf8 Nc6 50. Bc5 Nd8 51. Be7 Nf7 52. Ba3 Nd6 53. Bb4 Ne4 54. Be1 h6 55. Ke3 Kc4 56. Kf3 Kxd4 57. g4 fxg4+ 58. Kxg4 Ke3 59. Ba5 h5+ 60. Kh3 Kxf4 61. Bc7+ e5 62. Kg2 Nf6 63. Bd8 Ng4 64. Bg5+ Ke4 0-1

[Event "Isola d'Elba op 27th"]
[Site "Capoliveri"]
[Date "2009.05.??"]
[Round "4"]
[White "Picone, Franco"]
[Black "Acunzo, Domenico"]
[Result "1-0"]
[WhiteElo "1886"]
[BlackElo "1830"]
[PlyCount "159"]
[EventDate "2009.05.10"]
[EventType "swiss"]
[EventRounds "9"]
[EventCountry "ITA"]
[SourceTitle "EXT 2011"]
[Source "ChessBase"]
[SourceDate "2010.11.26"]
[SourceVersion "1"]
[SourceVersionDate "2010.11.26"]
[SourceQuality "1"]

1. d4 e6 2. Bf4 f5 3. Nf3 Nf6 4. e3 d5 5. Bd3 c6 6. c3 Be7 7. Nbd2 Ne4 8. Ne5 0-0 9. Qe2 a5 10. Bxe4 fxe4 11. h4 Nd7 12. Qg4 Nxe5 13. dxe5 Rf7 14. 0-0-0 a4 15. Nxe4 Qb6 16. Ng5 Rf5 17. Qh5 h6 18. Qe8+ Rf8 19. Qxe7 hxg5 20. hxg5 Qd8 21. Qxd8 Rxd8 22. Rh4 Kf7 23. Rdh1 Bd7 24. Rg4 Kg6 25. Rgh4 b5 26. a3 c5 27. Kc2 Rdc8 28. Bg3 Kxg5 29. Rf4 Rf8 30. Rhh4 Kg6 31. f3 Bc6 32. Rfg4+ Kf7 33. Rh7 Rg8 34. Bh4 Kf8 35. Rg6 Re8 36. Bf6 Kf7 37. Rgxg7+ Rxg7 38. Rxg7+ Kf8 39. Rc7 Ba8 40. Rxc5 Kf7 41. Rc7+ Kg6 42. Rg7+ Kh6 43. f4 d4 44. exd4 Be4+ 45. Kd2 Rc8 46. g4 b4 47. g5+ Kh5 48. Be7 bxc3+ 49. bxc3 Kg4 50. g6 Kh5 51. Bg5 Bxg6 52. Ra7 Rb8 53. Rxa4 Rb2+ 54. Ke3 Rb3 55. Rc4 Rxa3 56. Kf3 Bf5 57. Ke3 Kg4 58. Kd2 Ra2+ 59. Ke3 Ra1 60. Rc8 Re1+ 61. Kd2 Ra1 62. c4 Kf3 63. Rf8 Be4 64. Rf6 Ra3 65. Rxe6 Rd3+ 66. Kc2 Rxd4+ 67. Kc3 Rd1 68. Rd6 Rc1+ 69. Kb4 Rb1+ 70. Kc5 Rb8 71. e6 Rc8+ 72. Kd4 Bg6 73. e7 Re8 74. c5 Bf7 75. Ke5 Kg4 76. Rd8 Kh5 77. Rxe8 Bxe8 78. Kd6 Kg6 79. c6 Kf7 80. c7 1-0

[Event "Isola d'Elba op 26th"]
[Site "Isola d'Elba"]
[Date "2008.05.10"]
[Round "5"]
[White "Picone, Franco"]
[Black "Bini, Alessandro"]
[Result "1-0"]
[WhiteElo "1882"]
[BlackElo "2007"]
[PlyCount "152"]
[EventDate "2008.05.10"]
[EventType "swiss"]
[EventRounds "9"]
[EventCountry "ITA"]
[SourceTitle "CBM 124 Extra"]
[Source "ChessBase"]
[SourceDate "2008.07.03"]
[SourceVersion "1"]
[SourceVersionDate "2008.07.03"]
[SourceQuality "1"]

1. d4 g6 2. Nf3 Bg7 3. Bf4 d6 4. e3 c5 5. c3 Qb6 6. Qc1 Nd7 7. Nbd2 Ngf6 8. Be2 0-0 9. h3 Re8 10. 0-0 Nf8 11. Bh2 cxd4 12. Nxd4 Bd7 13. Rd1 a6 14. Nc4 Qc7 15. a4 b5 16. axb5 axb5 17. Na3 b4 18. cxb4 Qb6 19. b5 Rec8 20. Nc4 Qc5 21. Rxa8 Rxa8 22. Na3 Rc8 23. Qxc5 dxc5 24. b6 Bc6 25. Nxc6 Rxc6 26. b7 N6d7 27. b8Q Nxb8 28. Bxb8 Rb6 29. Ba7 Rxb2 30. Bc4 Rb7 31. Bxc5 Bf6 32. Bd4 e5 33. Bc3 Nd7 34. e4 Be7 35. Nb5 Nb6 36. Bd5 Nxd5 37. Rxd5 f6 38. Ba5 Kg7 39. Nc3 h5 40. Rb5 Rd7 41. Nd5 Bf8 42. Bb4 Bxb4 43. Rxb4 f5 44. Rc4 Rd6 45. f3 h4 46. Rc7+ Kh6 47. Re7 fxe4 48. fxe4 Ra6 49. Rxe5 Ra1+ 50. Kf2 Ra2+ 51. Kf3 Ra3+ 52. Ne3 g5 53. Re8 Kg7 54. Re5 Kf6 55. Rf5+ Kg6 56. Ke2 Rb3 57. Ng4 Rb2+ 58. Kf1 Rb1+ 59. Kf2 Rb2+ 60. Kg1 Rb1+ 61. Kh2 Re1 62. Rf6+ Kg7 63. e5 Re4 64. e6 Re2 65. Kg1 Ra2 66. e7 Re2 67. Rf5 Rxe7 68. Rxg5+ Kf7 69. Rh5 Re1+ 70. Kf2 Ra1 71. Rxh4 Kg6 72. Ne3 Kg5 73. Rc4 Ra2+ 74. Kf3 Ra8 75. g4 Kh4 76. Rc5 Rh8 1-0

[Event "Isola d'Elba op 26th"]
[Site "Isola d'Elba"]
[Date "2008.05.10"]
[Round "3"]
[White "Qendro, Llambi"]
[Black "Picone, Franco"]
[Result "1-0"]
[WhiteElo "2389"]
[BlackElo "1882"]
[PlyCount "51"]
[EventDate "2008.05.10"]
[EventType "swiss"]
[EventRounds "9"]
[EventCountry "ITA"]
[SourceTitle "CBM 124 Extra"]
[Source "ChessBase"]
[SourceDate "2008.07.03"]
[SourceVersion "1"]
[SourceVersionDate "2008.07.03"]
[SourceQuality "1"]

1. d4 d5 2. c4 c6 3. Nf3 Nf6 4. cxd5 cxd5 5. Nc3 Nc6 6. Bf4 a6 7. e3 Bg4 8. Be2 e6 9. Ne5 Bxe2 10. Qxe2 Nxe5 11. Bxe5 Bd6 12. Bxf6 gxf6 13. e4 dxe4 14. Qxe4 Qd7 15. 0-0 0-0 16. Rad1 Kh8 17. Qh4 Rg8 18. Ne4 Be7 19. Nxf6 Bxf6 20. Qxf6+ Rg7 21. Rd3 Kg8 22. Rg3 Rxg3 23. fxg3 Rc8 24. h3 Rc7 25. Rf4 Qa4 26. Qd8+ 1-0

[Event "Arco op 29th"]
[Site "Arco"]
[Date "2007.10.28"]
[Round "9"]
[White "Vistisen, Lars"]
[Black "Picone, Franco"]
[Result "1/2-1/2"]
[WhiteElo "2153"]
[BlackElo "1864"]
[PlyCount "45"]
[EventDate "2007.10.20"]
[EventType "swiss"]
[EventRounds "9"]
[EventCountry "ITA"]
[SourceTitle "CBM 120 Extra"]
[Source "ChessBase"]
[SourceDate "2007.11.01"]
[SourceVersion "1"]
[SourceVersionDate "2007.11.01"]
[SourceQuality "1"]

1. e4 c5 2. c3 d5 3. exd5 Qxd5 4. d4 Nc6 5. Nf3 cxd4 6. cxd4 e5 7. Nc3 Bb4 8. Be2 Nxd4 9. Bd2 Bxc3 10. Bxc3 Ne7 11. Nxd4 exd4 12. Qxd4 Qxd4 13. Bxd4 0-0 14. 0-0 Bd7 15. Rfd1 Bc6 16. b4 a6 17. Bc5 Rfe8 18. Bc4 Ba4 19. Rd2 Nc6 20. Bd5 Rad8 21. a3 h6 22. f4 Rd7 23. Bxc6 1/2-1/2

[Event "Arco op 29th"]
[Site "Arco"]
[Date "2007.10.27"]
[Round "8"]
[White "Picone, Franco"]
[Black "Koelmans, Jan Willem"]
[Result "0-1"]
[WhiteElo "1864"]
[BlackElo "2008"]
[PlyCount "46"]
[EventDate "2007.10.20"]
[EventType "swiss"]
[EventRounds "9"]
[EventCountry "ITA"]
[SourceTitle "CBM 120 Extra"]
[Source "ChessBase"]
[SourceDate "2007.11.01"]
[SourceVersion "1"]
[SourceVersionDate "2007.11.01"]
[SourceQuality "1"]

1. d4 d5 2. Bf4 Nf6 3. e3 e6 4. Nf3 c5 5. c3 Be7 6. Bd3 Nc6 7. Nbd2 0-0 8. Ne5 cxd4 9. exd4 Bd7 10. Qf3 Nxe5 11. dxe5 Ne8 12. Qh3 g6 13. Qh6 f6 14. h4 fxe5 15. h5 Rxf4 16. hxg6 Nf6 17. gxh7+ Kh8 18. Qg5 Ng4 19. Qg6 Nxf2 20. Nf3 Nxd3+ 21. Qxd3 Re4+ 22. Kd2 Qb6 23. Kc2 Bb5 0-1

[Event "Arco op 29th"]
[Site "Arco"]
[Date "2007.10.25"]
[Round "6"]
[White "Picone, Franco"]
[Black "Cracco, Pietro"]
[Result "1-0"]
[WhiteElo "1864"]
[BlackElo "2041"]
[PlyCount "61"]
[EventDate "2007.10.20"]
[EventType "swiss"]
[EventRounds "9"]
[EventCountry "ITA"]
[SourceTitle "CBM 120 Extra"]
[Source "ChessBase"]
[SourceDate "2007.11.01"]
[SourceVersion "1"]
[SourceVersionDate "2007.11.01"]
[SourceQuality "1"]

1. d4 d5 2. Bf4 Nf6 3. Nf3 e6 4. e3 c5 5. c3 Nc6 6. Bd3 Bd6 7. Ne5 Bxe5 8. dxe5 Nd7 9. Qg4 Ndxe5 10. Bxe5 Nxe5 11. Qxg7 Nxd3+ 12. Ke2 Ke7 13. Kxd3 Rg8 14. Qxh7 Bd7 15. Qh4+ f6 16. Nd2 Rxg2 17. Nf3 Qg8 18. Rag1 Qg6+ 19. Kd2 Rg8 20. Rxg2 Qxg2 21. Rg1 Qxg1 22. Nxg1 Rxg1 23. Qh7+ Kd6 24. h4 Rg2 25. Ke2 e5 26. Qh6 e4 27. Qxf6+ Be6 28. h5 Kd7 29. h6 Bg4+ 30. Kd2 Bf3 31. Qg7+ 1-0